Statistics for Cities Served by Turkish Airlines

Click here to take the quiz!

General Stats

  • This quiz has been taken 138 times
  • The average score is 148 of 294

Answer Stats

Cities% Correct
Ankara
89%
Istanbul
87%
Muş
84%
Paris
82%
Athens
81%
New York City
81%
Rome
81%
Delhi
80%
Madrid
80%
Dubai
79%
Moscow
79%
Tokyo
79%
Barcelona
78%
Berlin
78%
Frankfurt
78%
London
78%
Milan
78%
Mumbai
78%
Vienna
78%
Abu Dhabi
77%
Amsterdam
77%
Cairo
77%
Helsinki
77%
İzmir
77%
Jakarta
77%
Sofia
77%
Baku
76%
Bucharest
76%
Dublin
76%
Los Angeles
76%
Mexico City
76%
Münich
76%
Oslo
76%
Stockholm
76%
Tehran
76%
Cape Town
74%
Saint Petersburg
74%
Seoul
74%
Van
74%
Beijing
73%
Brussels
73%
Budapest
73%
Hong Kong
73%
Lisbon
73%
Manchester
73%
Shanghai
73%
Toronto
73%
Bangkok
72%
Doha
72%
Osaka
72%
Zagreb
72%
Zürich
72%
Algiers
71%
Antalya
71%
Buenos Aires
71%
Houston
71%
Johannesburg
71%
Riyadh
71%
Washington, D.C.
71%
Chicago
70%
Copenhagen
70%
Kiev
70%
Miami
70%
Nur-Sultan
70%
San Francisco
70%
Warsaw
70%
Amman
69%
Baghdad
69%
Casablanca
69%
Hamburg
69%
Lyon
69%
Manila
69%
São Paulo
69%
Singapore
69%
Tirana
69%
Bogotá
68%
Islamabad
68%
Kuala Lumpur
68%
Nairobi
68%
Naples
68%
Porto
68%
Prague
68%
Addis Ababa
67%
Düsseldorf
67%
Karachi
67%
Kuwait City
67%
Sarajevo
67%
Tel Aviv
67%
Beirut
66%
Belgrade
66%
Jeddah
66%
Lagos
66%
Nice
66%
Tunis
66%
Alexandria
64%
Boston
64%
Geneva
64%
Lahore
64%
Montréal
64%
Tallinn
64%
Almaty
63%
Atlanta
63%
Dhaka
63%
Edinburgh
63%
Havana
63%
Minsk
63%
Riga
63%
Taipei
63%
Tbilisi
63%
Denpasar
62%
Hanoi
62%
Kabul
62%
Marseille
62%
Medina
62%
Muscat
62%
Accra
61%
Dakar
61%
Ho Chi Minh City
61%
Manama
61%
Stuttgart
61%
Birmingham
60%
Bordeaux
60%
Cologne/Bonn
60%
Venice
60%
Guangzhou
59%
Tashkent
59%
Abuja
58%
Valencia
58%
Vancouver
58%
Hanover
57%
Kinshasa
57%
Toulouse
57%
Gothenburg
56%
Marrakesh
56%
Skopje
56%
Thessaloniki
56%
Vilnius
56%
Bishkek
54%
Colombo
54%
Ljubljana
54%
Málaga
54%
North Nicosia
54%
Salzburg
54%
Turin
54%
Antananarivo
53%
Khartoum
53%
Podgorica
53%
Pristina
53%
Kathmandu
52%
Luxembourg
52%
Dar es Salaam
51%
Malé
51%
Odessa
51%
Panama City
51%
Ashgabat
50%
Basel/Mulhouse/Freiburg
50%
Dushanbe
50%
Erbil
50%
Mogadishu
50%
Adana
49%
Caracas
49%
Chișinău
48%
Kharkiv
48%
Konya
48%
Lusaka
48%
Oran
48%
Trabzon
48%
Abidjan
47%
Bursa
47%
Djibouti
47%
Maputo
47%
Nuremberg
47%
Ulaanbaatar
47%
Xi'an
47%
Bodrum
46%
Bremen
46%
Cancún
46%
Dammam
46%
Graz
46%
Phuket
46%
Bilbao
44%
Durban
44%
Gaziantep
44%
Isfahan
44%
Lviv
44%
Samsun
44%
Cluj-Napoca
43%
Kigali
43%
Leipzig
43%
Niamey
43%
Valletta
43%
Varna
43%
Yaoundé
43%
Bari
42%
Dubrovnik
42%
Kampala/Entebbe
42%
Mombasa
42%
Nouakchott
42%
Asmara
41%
Bamako
41%
Bologna
41%
Conakry
41%
N'Djamena
41%
Newark
41%
Libreville
40%
Shiraz
40%
Catania
39%
Sharm El Sheikh
39%
Port Louis
38%
Sochi
38%
Tabriz
38%
Yekaterinburg
38%
Banjul
36%
Kayseri
36%
Malabo
36%
Mashhad
36%
Ouagadougou
36%
Sharjah
36%
Diyarbakır
34%
Batumi
33%
Douala
33%
Kazan
33%
Luxor
33%
Alanya
32%
Basra
32%
Dalaman
32%
Hurghada
32%
Pisa
32%
Rostov-on-Don
32%
Strasbourg
32%
Şanlıurfa
31%
Batman
30%
Constanța
30%
Zanzibar
30%
Billund
29%
Constantine
29%
Dnipropetrovsk
29%
Mahé
28%
Kars
27%
Samarkand
27%
Aqaba
26%
Erzurum
26%
Moroni
26%
Samara
26%
Ufa
26%
Cotonou
24%
Ordu/Giresun
23%
Denizli
22%
Elazığ
22%
Hatay
22%
Krasnodar
22%
Najaf
22%
Port Harcourt
22%
Sivas
22%
As-Sulaymaniyah
21%
Çanakkale
21%
Ganja
21%
Mardin
21%
Malatya
20%
Sinop
20%
Adıyaman
19%
Erzincan
19%
Kahramanmaraş
19%
Mazar-i-Sharif
19%
Siirt
19%
Hakkâri
17%
Nakhchivan
17%
Tekirdağ
17%
Zonguldak
17%
Ağrı
16%
Karlsruhe
16%
Kütahya
16%
Nevşehir
16%
Rovaniemi
16%
Isparta
14%
Şırnak
14%
Friedrichshafen
13%
Zaporizhia
13%
Bingöl
12%
Buraydah
12%
Kastamonu
12%
Kherson
12%
Kocaeli
12%
Münster
12%
Ta'if
12%
Uşak
12%
Iğdır
11%
Pointe-Noire
11%
Voronezh
11%
Yanbu
11%
Edremit
10%
Merzifon
9%
Arusha
4%
Freeport
2%

Score Distribution

Percentile by Number Answered

Percent of People with Each Score

Your Score History

You have not taken this quiz